Nerovnocenné trhové podmienky
O návrhu novely zákona o konkurze a vyrovnaní. Protiústavné ustanovenia vytvárajú nerovnocenné trhové podmienky. Vyňatie určitých kategórií právnych subjektov z možnosti vyhlásiť voči nim konkurzné konanie.
Saved in:
| Main Author: | |
|---|---|
| Format: | Book Chapter |
| Language: | Slovak |
| Subjects: | |
| Tags: |
No Tags, Be the first to tag this record!
|
MARC
| LEADER | 00000naa a2200000 4500 | ||
|---|---|---|---|
| 001 | r022904 | ||
| 005 | 20230801104502.8 | ||
| 041 | 0 | |a slo | |
| 044 | |a SK | ||
| 245 | 1 | 0 | |a Nerovnocenné trhové podmienky |c V. Bajan |
| 520 | |a O návrhu novely zákona o konkurze a vyrovnaní. Protiústavné ustanovenia vytvárajú nerovnocenné trhové podmienky. Vyňatie určitých kategórií právnych subjektov z možnosti vyhlásiť voči nim konkurzné konanie. | ||
| 610 | 2 | 0 | |a Slovensko |
| 610 | 2 | 0 | |a 1995 |
| 610 | 2 | 0 | |a 1996 |
| 610 | 2 | 0 | |a konkurzy |
| 610 | 2 | 0 | |a vyrovnanie |
| 610 | 2 | 0 | |a zákony |
| 610 | 2 | 0 | |a Ústavný súd SR Košice |
| 610 | 2 | 0 | |a novelizácia |
| 100 | 1 | |a Bajan, Vladimír | |